Data structure programming : with the standard template library in C++
Αποθηκεύτηκε σε:
| Κύριος συγγραφέας: | |
|---|---|
| Μορφή: | Βιβλίο |
| Γλώσσα: | English |
| Δημοσίευση: |
New York ; Berlin :
Springer,
c1998.
|
| Σειρά: | Undergraduate texts in computer science
|
| Θέματα: | |
| Ετικέτες: |
Προσθήκη ετικέτας
Δεν υπάρχουν, Καταχωρήστε ετικέτα πρώτοι!
|
MARC
| LEADER | 00000cam a2200000 i 4500 | ||
|---|---|---|---|
| 001 | 1/1949 | ||
| 008 | 000419s1998 nyu| ||| |||| ||eng|| | ||
| 020 | |a 0387949208 | ||
| 035 | |l 10060220 | ||
| 040 | |a GR-MyUa |b gre |e AACR2 | ||
| 041 | 0 | |a eng | |
| 082 | 7 | |a 005.78 |2 (22) | |
| 100 | 1 | |a Bergin, Joseph. | |
| 245 | 1 | 0 | |a Data structure programming : |b with the standard template library in C++ / |c Joseph Bergin. |
| 260 | |a New York ; |a Berlin : |b Springer, |c c1998. | ||
| 300 | |a xiv, 336 σ. ; |c 24 εκ. | ||
| 490 | 1 | |a (Undergraduate texts in computer science) | |
| 630 | 0 | 0 | |a Standard template library. |
| 650 | 0 | 0 | |a Data structures (Computer science) |
| 650 | 0 | 0 | |a C++ (Computer program language) |
| 830 | 0 | |a Undergraduate texts in computer science | |
| 852 | |a INST |b SAMOS |e 20000419 |h 005.78 BER |p 005300015265 |q 005300015265 |t BK |y 0 | ||
| 901 | |a BIBL3-2000-1 | ||
| 922 | |a 3ΕΛΗ |b 200004 |c ΤΠΕΣ/ΤΑΚΤ |d ΠΑΠΑΣΩΤΗΡΙΟΥ | ||
| 970 | |a ΓΕΝΟΥΖΟΥ |b ΧΡΥΣΑΝΘΗ |z 2000/04/20 | ||